La gracia de Dios en la historia (Record no. 52553)

MARC details
000 -LEADER
campo de control de longitud fija 00619nam a2200169 i 4500
001 - NÚMERO DE CONTROL
campo de control 52553
003 - IDENTIFICADOR DE NÚMERO DE CONTROL
campo de control ES-MaACL
005 - FECHA Y HORA DE LA ÚLTIMA TRANSACCIÓN
campo de control 20230906162613.0
007 - CAMPO FIJO DE DESCRIPCIÓN FÍSICA--INFORMACIÓN GENERAL
campo de control de longitud fija t|
008 - DATOS DE LONGITUD FIJA--INFORMACIÓN GENERAL
campo de control de longitud fija 030901s1970 sp ||||1| spa d
100 1# - ENTRADA PRINCIPAL--NOMBRE DE PERSONA
Nombre de persona Davis, Charles.
9 (RLIN) 42955
245 13 - MENCIÓN DEL TÍTULO
Título La gracia de Dios en la historia
Resto del título : análisis de la actitud del cristiano ante el mundo secular contemporáneo /
Mención de responsabilidad, etc. Charles Davis : [traducido por Francisco Javier Gil González].
260 ## - PUBLICACIÓN, DISTRIBUCIÓN, ETC.
Lugar de publicación, distribución, etc. [Bilbao] :
Nombre del editor, distribuidor, etc. Desclée de Brouwer,
Fecha de publicación, distribución, etc. [1970]
300 ## - DESCRIPCIÓN FÍSICA
Extensión 105 p. ;
Dimensiones 20 cm.
700 1# - ENTRADA AGREGADA--NOMBRE PERSONAL
Nombre de persona Gil González, Francisco Javier.
9 (RLIN) 56825
852 ## - LOCALIZACIÓN
Ubicación ES-MaACL
Número de control de estantería C-46968
Sublocalización o colección R.72844
Holdings
Estatus retirado Estado de pérdida Estado de daño No para préstamo Biblioteca de origen Biblioteca actual Ubicación en estantería Fecha de adquisición Fuente de adquisición Total de préstamos Signatura topográfica completa Código de barras Visto por última vez Precio de reemplazo Tipo de ítem Koha
        Biblioteca del Ateneo de Madrid Biblioteca del Ateneo de Madrid Depósito 2 17/01/2008     C-46968 1055235 23/02/2023 23/02/2023 Libro impreso